[Event "Madrid-chT 2021"]
[Site "Madrid"]
[Date "2021.03.21"]
[Round "5.5"]
[White "Vazquez Torres, Adrian"]
[Black "Martinez Aragon, Aitor"]
[Result "1-0"]
[WhiteElo "2152"]
[BlackElo "2049"]
[PlyCount "63"]
[EventDate "2021.01.24"]
[EventType "team-tourn"]
[EventRounds "14"]
[EventCountry "ESP"]
[SourceTitle "Ajedrez en Madrid"]
[Source "lmi"]
[SourceDate "2021.01.23"]
[SourceVersion "1"]
[SourceVersionDate "2021.06.08"]
[SourceQuality "1"]
[WhiteTeam "Virgen de Atocha"]
[BlackTeam "Tajamar"]
[WhiteTeamCountry "ESP"]
[BlackTeamCountry "ESP"]

1. e4 c5 2. Nf3 e6 3. d4 cxd4 4. Nxd4 Nc6 5. Be3 Qc7 6. Bd3 a6 7. O-O Nf6 8.
Nd2 Be7 9. c3 O-O 10. f4 d6 11. Qf3 e5 12. Nxc6 Qxc6 13. h3 exf4 14. Qxf4 Be6
15. Nf3 Nd7 16. Nd4 Qc7 17. Qg3 Kh8 18. Bc2 Bf6 19. Nf5 Be5 20. Qh4 Bf6 21. Qf2
Rac8 22. Rad1 Be5 23. Rd2 Nc5 24. Qh4 Rcd8 25. b4 Bxf5 26. Rxf5 Nd7 27. Bd4 Nf6
28. Rdf2 Qe7 29. Bxe5 dxe5 30. Rh5 h6 31. Rxh6+ gxh6 32. Rxf6 1-0

[Event "Madrid-chT 2021"]
[Site "Madrid"]
[Date "2021.03.21"]
[Round "5.6"]
[White "Sahuquillo Cruz, Alejandro"]
[Black "Rodrigo Yanguas, Maria"]
[Result "1-0"]
[WhiteElo "1988"]
[BlackElo "2075"]
[PlyCount "115"]
[EventDate "2021.01.24"]
[EventType "team-tourn"]
[EventRounds "14"]
[EventCountry "ESP"]
[SourceTitle "Ajedrez en Madrid"]
[Source "lmi"]
[SourceDate "2021.01.23"]
[SourceVersion "1"]
[SourceVersionDate "2021.06.08"]
[SourceQuality "1"]
[WhiteTeam "Tajamar"]
[BlackTeam "Virgen de Atocha"]
[WhiteTeamCountry "ESP"]
[BlackTeamCountry "ESP"]

1. e4 e6 2. d4 d5 3. Nd2 Be7 4. Bd3 c5 5. dxc5 Nf6 6. exd5 Qxd5 7. Ngf3 Bxc5 8.
Nb3 Bb6 9. Qe2 O-O 10. Bg5 Nbd7 11. Rd1 Qc6 12. O-O Qc7 13. Bh4 a6 14. c3 Ba7
15. Bg3 Qd8 16. Ne5 Qb6 17. Nc4 Qd8 18. Qf3 Nd5 19. Nd6 f5 20. Qe2 Qf6 21. Bxf5
exf5 22. Rxd5 Nb6 23. Be5 Qg6 24. Rd3 f4 25. Nxc8 Raxc8 26. Bd4 Bb8 27. Bxb6
Qxb6 28. Rfd1 Rce8 29. Qf3 Kh8 30. Rd7 Qe6 31. h3 b6 32. Qg4 Qe5 33. R7d5 Qe4
34. R5d4 Qe5 35. Qf3 Qe6 36. Rd5 a5 37. Nd4 Qg6 38. Qg4 Qf7 39. Nf3 a4 40. Rd7
Qf6 41. a3 Re2 42. Ng5 f3 43. Qxf3 Qxf3 44. Nxf3 Bf4 45. Rd8 Kg8 46. Rxf8+ Kxf8
47. g3 Bh6 48. Rb1 Kf7 49. Kf1 Re6 50. Rd1 Kf6 51. Rd4 Bc1 52. Rb4 g5 53. Ne1
Rd6 54. Nf3 Re6 55. Nd4 Rd6 56. Ke2 g4 57. hxg4 h6 58. Kd1 1-0

[Event "Madrid-chT 2021"]
[Site "Madrid"]
[Date "2021.03.27"]
[Round "6.1"]
[White "Martinez Reyes, Pedro Ramon"]
[Black "Espinosa Aranda, Angel"]
[Result "1/2-1/2"]
[WhiteElo "2427"]
[BlackElo "2485"]
[PlyCount "67"]
[EventDate "2021.01.24"]
[EventType "team-tourn"]
[EventRounds "14"]
[EventCountry "ESP"]
[SourceTitle "Ajedrez en Madrid"]
[Source "lmi"]
[SourceDate "2021.01.23"]
[SourceVersion "1"]
[SourceVersionDate "2021.06.08"]
[SourceQuality "1"]
[WhiteTeam "Blanco y Negro"]
[BlackTeam "Virgen de Atocha"]
[WhiteTeamCountry "ESP"]
[BlackTeamCountry "ESP"]

1. e4 c5 2. c3 d5 3. exd5 Qxd5 4. d4 Nc6 5. Nf3 Bf5 6. Na3 cxd4 7. Nb5 O-O-O 8.
cxd4 e5 9. Nc3 Bb4 10. Bd2 Bxc3 11. bxc3 Nf6 12. Be2 exd4 13. cxd4 Nxd4 14.
Nxd4 Qxd4 15. Qc1+ Kb8 16. Bc3 Qe4 17. O-O Qxe2 18. Qf4+ Ka8 19. Qxf5 Qe6 20.
Qf3 Ne4 21. Rfe1 f5 22. Bxg7 Rhg8 23. Rad1 Nd2 24. Qh3 Qg6 25. Bh6 Ne4 26.
Rxd8+ Rxd8 27. Be3 Nf6 28. Qh4 Rg8 29. g3 Ng4 30. Qe7 Nxe3 31. Rxe3 a6 32. Rb3
Rb8 33. Qb4 Qc6 34. Rc3 1/2-1/2

[Event "Madrid-chT 2021"]
[Site "Madrid"]
[Date "2021.03.27"]
[Round "6.2"]
[White "Plazuelo Pascual, Juan"]
[Black "Alarcia Astiz, Carlos"]
[Result "1/2-1/2"]
[WhiteElo "2465"]
[BlackElo "2306"]
[PlyCount "74"]
[EventDate "2021.01.24"]
[EventType "team-tourn"]
[EventRounds "14"]
[EventCountry "ESP"]
[SourceTitle "Ajedrez en Madrid"]
[Source "lmi"]
[SourceDate "2021.01.23"]
[SourceVersion "1"]
[SourceVersionDate "2021.06.08"]
[SourceQuality "1"]
[WhiteTeam "Virgen de Atocha"]
[BlackTeam "Blanco y Negro"]
[WhiteTeamCountry "ESP"]
[BlackTeamCountry "ESP"]

1. d4 c6 2. c4 d5 3. Nf3 Nf6 4. e3 e6 5. Nbd2 Nbd7 6. b3 Be7 7. Bd3 O-O 8. O-O
Re8 9. Bb2 a5 10. Qc2 h6 11. a3 Qc7 12. Rac1 Bd6 13. Rfd1 Qb8 14. e4 dxe4 15.
Nxe4 Nxe4 16. Bxe4 Nf6 17. Re1 Bd7 18. Ne5 Qc7 19. Bf3 Red8 20. g3 Be8 21. Nd3
Be7 22. Qb1 Qb6 23. Qc2 Qc7 24. h4 Rac8 25. Kg2 Nd7 26. Re2 Qb6 27. Nf4 Bf6 28.
Rd1 c5 29. dxc5 Rxc5 30. Bxf6 Nxf6 31. Rxd8 Qxd8 32. b4 axb4 33. axb4 Rc7 34.
c5 Bb5 35. Rd2 Rd7 36. Rxd7 Qxd7 37. Qa2 Bc6 1/2-1/2

[Event "Madrid-chT 2021"]
[Site "Madrid"]
[Date "2021.03.27"]
[Round "6.3"]
[White "Renteria Becerra, Jorge Elicer"]
[Black "Almagro Llamas, Pablo"]
[Result "1/2-1/2"]
[WhiteElo "2262"]
[BlackElo "2423"]
[PlyCount "89"]
[EventDate "2021.01.24"]
[EventType "team-tourn"]
[EventRounds "14"]
[EventCountry "ESP"]
[SourceTitle "Ajedrez en Madrid"]
[Source "lmi"]
[SourceDate "2021.01.23"]
[SourceVersion "1"]
[SourceVersionDate "2021.06.08"]
[SourceQuality "1"]
[WhiteTeam "Blanco y Negro"]
[BlackTeam "Virgen de Atocha"]
[WhiteTeamCountry "ESP"]
[BlackTeamCountry "ESP"]

1. e4 c6 2. d4 d5 3. Nd2 dxe4 4. Nxe4 Bf5 5. Ng3 Bg6 6. h4 h6 7. Nf3 e6 8. Ne5
Bh7 9. Bd3 Bxd3 10. Qxd3 Nd7 11. Bf4 Nxe5 12. Bxe5 Qa5+ 13. c3 Nf6 14. O-O Be7
15. Ne4 O-O-O 16. Qf3 Nxe4 17. Qxe4 Rhg8 18. c4 Bd6 19. Qf4 Qc7 20. Qe3 f6 21.
Bxd6 Qxd6 22. Rad1 Kb8 23. Rfe1 Rge8 24. h5 Rd7 25. b3 Qc7 26. Qh3 Rde7 27. Qg4
Qa5 28. Re2 Qg5 29. Qh3 Qf4 30. Re3 a6 31. Rdd3 Qg5 32. b4 Qf4 33. a3 e5 34. g3
Qg5 35. d5 cxd5 36. Rxd5 f5 37. Red3 Rc7 38. c5 f4 39. Rd7 Rxd7 40. Qxd7 Rc8
41. Qd6+ Ka8 42. Qd7 Kb8 43. Qd6+ Ka8 44. Qd7 Kb8 45. Qd6+ 1/2-1/2

[Event "Madrid-chT 2021"]
[Site "Madrid"]
[Date "2021.03.27"]
[Round "6.4"]
[White "Rubio Mejia, Luis Ignacio"]
[Black "Hidalgo Duque, Carlos"]
[Result "1-0"]
[WhiteElo "2400"]
[BlackElo "2242"]
[PlyCount "35"]
[EventDate "2021.01.24"]
[EventType "team-tourn"]
[EventRounds "14"]
[EventCountry "ESP"]
[SourceTitle "Ajedrez en Madrid"]
[Source "lmi"]
[SourceDate "2021.01.23"]
[SourceVersion "1"]
[SourceVersionDate "2021.06.08"]
[SourceQuality "1"]
[WhiteTeam "Virgen de Atocha"]
[BlackTeam "Blanco y Negro"]
[WhiteTeamCountry "ESP"]
[BlackTeamCountry "ESP"]

1. c4 c6 2. Nf3 d5 3. e3 Nf6 4. Nc3 e6 5. b3 Nbd7 6. Qc2 Bd6 7. Bb2 a6 8. Rg1
e5 9. g4 e4 10. g5 exf3 11. gxf6 Nxf6 12. Rxg7 Bxh2 13. O-O-O Be5 14. d4 Bc7
15. e4 Be6 16. exd5 cxd5 17. cxd5 Bg4 18. Rxg4 1-0

[Event "Madrid-chT 2021"]
[Site "Madrid"]
[Date "2021.03.27"]
[Round "6.5"]
[White "Rottenwohrer Suarez, Juan"]
[Black "Vazquez Torres, Adrian"]
[Result "0-1"]
[WhiteElo "2203"]
[BlackElo "2152"]
[PlyCount "114"]
[EventDate "2021.01.24"]
[EventType "team-tourn"]
[EventRounds "14"]
[EventCountry "ESP"]
[SourceTitle "Ajedrez en Madrid"]
[Source "lmi"]
[SourceDate "2021.01.23"]
[SourceVersion "1"]
[SourceVersionDate "2021.06.08"]
[SourceQuality "1"]
[WhiteTeam "Blanco y Negro"]
[BlackTeam "Virgen de Atocha"]
[WhiteTeamCountry "ESP"]
[BlackTeamCountry "ESP"]

1. Nf3 c5 2. c4 Nf6 3. d4 e6 4. Nc3 cxd4 5. Nxd4 Nc6 6. g3 a6 7. Bg2 Qc7 8. Nb3
Ne5 9. O-O Nxc4 10. e4 d6 11. Qe2 Bd7 12. Bf4 Rc8 13. Rac1 Be7 14. g4 h6 15.
Bg3 g5 16. f4 b5 17. e5 Nh7 18. Ne4 d5 19. Nd6+ Bxd6 20. exd6 Qb6+ 21. Kh1 O-O
22. Rce1 Nxd6 23. Nd2 b4 24. Bf2 Qb5 25. Qe3 Nc4 26. Qd4 Nxd2 27. Qxd2 b3 28.
fxg5 hxg5 29. axb3 Qxb3 30. Re5 f6 31. Rxd5 Bc6 32. Rd3 Bxg2+ 33. Kxg2 Qb7+ 34.
Kg1 Rf7 35. Re1 Nf8 36. Rd4 e5 37. Rb4 Qa8 38. Qd3 Kg7 39. Rb6 Rd8 40. Qxa6 Qf3
41. Qe2 Qh3 42. Qe4 Ng6 43. Rb7 Rdd7 44. Rxd7 Rxd7 45. Bg3 Rd2 46. Re2 Rd1+ 47.
Re1 Rxe1+ 48. Qxe1 Qxg4 49. b4 Nh4 50. Qc3 Nf3+ 51. Kf2 Nd4 52. Qe3 Qf5+ 53.
Kg2 Qc2+ 54. Bf2 Qc6+ 55. Kh3 Qb5 56. Qc3 Qf1+ 57. Kg4 Qxf2 0-1

[Event "Madrid-chT 2021"]
[Site "Madrid"]
[Date "2021.03.27"]
[Round "6.6"]
[White "Horcajada Reales, Guillermo"]
[Black "Alba Linero, Emilio"]
[Result "0-1"]
[WhiteElo "2127"]
[BlackElo "2131"]
[PlyCount "134"]
[EventDate "2021.01.24"]
[EventType "team-tourn"]
[EventRounds "14"]
[EventCountry "ESP"]
[SourceTitle "Ajedrez en Madrid"]
[Source "lmi"]
[SourceDate "2021.01.23"]
[SourceVersion "1"]
[SourceVersionDate "2021.06.08"]
[SourceQuality "1"]
[WhiteTeam "Virgen de Atocha"]
[BlackTeam "Blanco y Negro"]
[WhiteTeamCountry "ESP"]
[BlackTeamCountry "ESP"]

1. d4 Nf6 2. c4 c5 3. d5 b5 4. cxb5 a6 5. bxa6 g6 6. Nc3 Bxa6 7. Nf3 Bg7 8. e4
Bxf1 9. Kxf1 d6 10. h3 O-O 11. Kg1 Qa5 12. Kh2 Nbd7 13. Re1 Rfb8 14. Re2 Ne8
15. Rc2 Nc7 16. Rb1 Bxc3 17. Rxc3 Qxa2 18. Nd2 Nb5 19. Rg3 Nd4 20. b3 Qc2 21.
Bb2 Qxd1 22. Rxd1 Nc2 23. Nc4 Ra2 24. Rc1 Nb4 25. f4 Nb6 26. Bc3 Nc2 27. Na5
Nd4 28. Bxd4 Rxa5 29. Ra1 Rb5 30. Bf2 Nd7 31. Ra3 Nf6 32. Re3 Rb4 33. Bh4 Nxe4
34. Bxe7 f5 35. Ra6 R8b6 36. Rxb6 Rxb6 37. Bh4 Rb4 38. Rd3 Kf7 39. Kg1 Ke8 40.
Be1 Rb5 41. Kf1 Kd7 42. Ke2 Rb8 43. Kf3 Ra8 44. g4 Ra1 45. Bh4 Rb1 46. gxf5
gxf5 47. Ke2 Rb2+ 48. Ke1 Kc7 49. Re3 Kb6 50. Kd1 Rd2+ 51. Kc1 Rxd5 52. Be1 Kb5
53. Kc2 Rd4 54. Re2 c4 55. bxc4+ Rxc4+ 56. Kb3 Nc5+ 57. Kb2 Rxf4 58. Bg3 Rb4+
59. Kc2 f4 60. Be1 Ra4 61. Re7 Kc4 62. Rxh7 Ra2+ 63. Kb1 Re2 64. Bh4 Rh2 65.
Be7 Ne4 66. Rh8 Nc3+ 67. Kc1 Kd3 0-1

[Event "Madrid-chT 2021"]
[Site "Madrid"]
[Date "2021.03.28"]
[Round "6.1"]
[White "Reyes Larena, Juan"]
[Black "Herrera, Irisberto"]
[Result "1/2-1/2"]
[WhiteElo "2451"]
[BlackElo "2420"]
[PlyCount "35"]
[EventDate "2021.01.24"]
[EventType "team-tourn"]
[EventRounds "14"]
[EventCountry "ESP"]
[SourceTitle "Ajedrez en Madrid"]
[Source "lmi"]
[SourceDate "2021.01.23"]
[SourceVersion "1"]
[SourceVersionDate "2021.06.08"]
[SourceQuality "1"]
[WhiteTeam "San Sebastian de los Reyes"]
[BlackTeam "Capablanca"]
[WhiteTeamCountry "ESP"]
[BlackTeamCountry "ESP"]

1. e4 c5 2. Nf3 e6 3. d3 Nc6 4. g3 g6 5. Bg2 Bg7 6. O-O Nge7 7. c3 e5 8. a3 d6
9. b4 O-O 10. b5 Na5 11. c4 h6 12. Bd2 b6 13. Nc3 Be6 14. Nd5 Nxd5 15. cxd5 Bd7
16. Rb1 Nb7 17. a4 Kh7 18. Ne1 1/2-1/2

[Event "Madrid-chT 2021"]
[Site "Madrid"]
[Date "2021.03.28"]
[Round "6.2"]
[White "Bolado Saez, Sergio"]
[Black "Martinez Fernandez, Raul"]
[Result "1/2-1/2"]
[WhiteElo "2355"]
[BlackElo "2169"]
[PlyCount "84"]
[EventDate "2021.01.24"]
[EventType "team-tourn"]
[EventRounds "14"]
[EventCountry "ESP"]
[SourceTitle "Ajedrez en Madrid"]
[Source "lmi"]
[SourceDate "2021.01.23"]
[SourceVersion "1"]
[SourceVersionDate "2021.06.08"]
[SourceQuality "1"]
[WhiteTeam "Capablanca"]
[BlackTeam "San Sebastian de los Reyes"]
[WhiteTeamCountry "ESP"]
[BlackTeamCountry "ESP"]

1. d4 d5 2. c4 Nc6 3. Nc3 e5 4. cxd5 Nxd4 5. e3 Nf5 6. Nf3 Bd6 7. Bb5+ Bd7 8.
Qd3 Nfe7 9. O-O Nf6 10. e4 O-O 11. Bxd7 Nxd7 12. Be3 f5 13. exf5 Nxf5 14. Ne4
h6 15. Rac1 Rc8 16. Rc4 Nxe3 17. fxe3 Nb6 18. Rc2 Qe8 19. Ng3 Qa4 20. e4 Qxa2
21. Rfc1 Qa4 22. b3 Qd7 23. Nf5 Kh7 24. h3 g6 25. Ne3 Rf4 26. Ng4 Qg7 27. g3
Rf7 28. Kg2 Rcf8 29. Rf1 Nd7 30. Qb5 b6 31. b4 Nf6 32. Ngxe5 Re7 33. Nc6 Rxe4
34. Ncd4 Rfe8 35. Rcf2 Qg8 36. Ne6 Nxd5 37. Nfg5+ hxg5 38. Nxg5+ Kh6 39. Nf7+
Qxf7 40. Rxf7 Ne3+ 41. Kg1 Nxf1 42. Kxf1 Re1+ 1/2-1/2

[Event "Madrid-chT 2021"]
[Site "Madrid"]
[Date "2021.03.28"]
[Round "6.3"]
[White "Quevedo Marin, Manuel"]
[Black "Tejedo Meneses, Alvaro"]
[Result "1-0"]
[WhiteElo "2214"]
[BlackElo "2052"]
[PlyCount "69"]
[EventDate "2021.01.24"]
[EventType "team-tourn"]
[EventRounds "14"]
[EventCountry "ESP"]
[SourceTitle "Ajedrez en Madrid"]
[Source "lmi"]
[SourceDate "2021.01.23"]
[SourceVersion "1"]
[SourceVersionDate "2021.06.08"]
[SourceQuality "1"]
[WhiteTeam "San Sebastian de los Reyes"]
[BlackTeam "Capablanca"]
[WhiteTeamCountry "ESP"]
[BlackTeamCountry "ESP"]

1. d4 Nf6 2. c4 g6 3. Nc3 d5 4. Nf3 Bg7 5. Bg5 dxc4 6. e4 c5 7. d5 b5 8. d6 Nc6
9. e5 Ng4 10. dxe7 Qxd1+ 11. Rxd1 f6 12. exf6 Nxf6 13. Rd6 Bb7 14. Bxf6 Bxf6
15. Rxf6 Kxe7 16. Nd5+ Kd8 17. Rd6+ Kc8 18. Be2 Re8 19. Ne3 Kc7 20. Rd5 Kb6 21.
Rd7 Ne7 22. O-O Nf5 23. Ng5 Nxe3 24. fxe3 Rxe3 25. Rf6+ Bc6 26. Bf3 Rc8 27.
Rdd6 Rxf3 28. Nxf3 Kb7 29. Rf7+ Rc7 30. Rxc7+ Kxc7 31. Rd2 b4 32. Rc2 Bd5 33.
Nd2 b3 34. axb3 cxb3 35. Rxc5+ 1-0

[Event "Madrid-chT 2021"]
[Site "Madrid"]
[Date "2021.03.28"]
[Round "6.4"]
[White "Porras Fernandez, Alberto"]
[Black "Reyes Peñas, Sebastian"]
[Result "1/2-1/2"]
[WhiteElo "1916"]
[BlackElo "2201"]
[PlyCount "132"]
[EventDate "2021.01.24"]
[EventType "team-tourn"]
[EventRounds "14"]
[EventCountry "ESP"]
[SourceTitle "Ajedrez en Madrid"]
[Source "lmi"]
[SourceDate "2021.01.23"]
[SourceVersion "1"]
[SourceVersionDate "2021.06.08"]
[SourceQuality "1"]
[WhiteTeam "Capablanca"]
[BlackTeam "San Sebastian de los Reyes"]
[WhiteTeamCountry "ESP"]
[BlackTeamCountry "ESP"]

1. e4 c5 2. Nf3 e6 3. d4 cxd4 4. Nxd4 a6 5. Nc3 Qc7 6. Be2 Nf6 7. O-O d6 8. Kh1
b5 9. a3 Bb7 10. Bd3 Be7 11. f4 O-O 12. Qe1 Nbd7 13. Qg3 Nc5 14. Re1 Rfe8 15.
Bd2 Rad8 16. b4 Nxd3 17. cxd3 Bf8 18. Rac1 Qd7 19. Re2 g6 20. f5 Bg7 21. fxe6
fxe6 22. Nf3 Rc8 23. Qh3 Rf8 24. Ng5 e5 25. Qe3 Bh6 26. Qg1 Bxg5 27. Bxg5 Qg4
28. Bh6 Rf7 29. Rec2 Qh5 30. Be3 Ng4 31. h3 Rf3 32. Nd1 Rxc2 33. Rxc2 Nxe3 34.
Nxe3 Rxe3 35. Rc7 Rxd3 36. Qf2 Rxh3+ 37. gxh3 Bxe4+ 38. Kh2 Qf5 39. Qxf5 gxf5
40. Kg3 Kf8 41. Kf2 f4 42. Ra7 Bf5 43. Rxa6 Ke7 44. h4 e4 45. a4 bxa4 46. Rxa4
d5 47. Ra7+ Kd6 48. Rf7 Ke6 49. Rf8 Ke5 50. b5 e3+ 51. Ke1 Bd7 52. b6 Bc6 53.
Rf7 d4 54. b7 Bxb7 55. Rxb7 d3 56. Rb4 d2+ 57. Kd1 f3 58. Rb8 Kf4 59. Rg8 h5
60. Rg7 Kf5 61. Rg5+ Ke4 62. Rg8 Ke5 63. Rf8 Ke4 64. Rf7 f2 65. Ke2 Ke5 66. Rf8
Ke4 1/2-1/2

[Event "Madrid-chT 2021"]
[Site "Madrid"]
[Date "2021.03.28"]
[Round "6.5"]
[White "Alfaya Marcelo, Roberto"]
[Black "Fernandez Rosado, Roberto"]
[Result "1/2-1/2"]
[WhiteElo "2199"]
[BlackElo "2081"]
[PlyCount "97"]
[EventDate "2021.01.24"]
[EventType "team-tourn"]
[EventRounds "14"]
[EventCountry "ESP"]
[SourceTitle "Ajedrez en Madrid"]
[Source "lmi"]
[SourceDate "2021.01.23"]
[SourceVersion "1"]
[SourceVersionDate "2021.06.08"]
[SourceQuality "1"]
[WhiteTeam "San Sebastian de los Reyes"]
[BlackTeam "Capablanca"]
[WhiteTeamCountry "ESP"]
[BlackTeamCountry "ESP"]

1. c4 e6 2. Nc3 Nf6 3. e4 e5 4. g3 Nc6 5. Bg2 Bc5 6. Nge2 a5 7. O-O d6 8. h3 h5
9. d3 Be6 10. Bg5 Qd7 11. Kh2 Nh7 12. Be3 Bxe3 13. fxe3 Ng5 14. h4 Nh7 15. Nd5
O-O-O 16. Nec3 Kb8 17. Nb5 g5 18. Nbxc7 gxh4 19. gxh4 Rdg8 20. Qf3 Rg4 21. Bh3
Rg6 22. Bf5 Bxf5 23. exf5 Rg4 24. Qf2 Qd8 25. Kh3 Nf6 26. Rg1 Rhg8 27. Nxf6
Qxf6 28. Nd5 Qg7 29. Rxg4 hxg4+ 30. Kg3 Nb4 31. Nxb4 axb4 32. a3 b3 33. Rh1 Rc8
34. Rh2 e4 35. d4 Qf6 36. Qf4 Rxc4 37. Qxe4 Rc1 38. Qxg4 Re1 39. Qg5 Qh8 40.
Kf3 Qe8 41. f6 Qc6+ 42. d5 Qc1 43. Rf2 Qd1+ 44. Kf4 Qd3 45. Rf3 Qc4+ 46. Kf5
Qd3+ 47. Kf4 Qc4+ 48. Kf5 Qd3+ 49. Kf4 1/2-1/2

[Event "Madrid-chT 2021"]
[Site "Madrid"]
[Date "2021.03.28"]
[Round "6.6"]
[White "Matesanz Bonastre, Rafael"]
[Black "Jovancevic, Jovan"]
[Result "0-1"]
[WhiteElo "1906"]
[BlackElo "2117"]
[PlyCount "84"]
[EventDate "2021.01.24"]
[EventType "team-tourn"]
[EventRounds "14"]
[EventCountry "ESP"]
[SourceTitle "Ajedrez en Madrid"]
[Source "lmi"]
[SourceDate "2021.01.23"]
[SourceVersion "1"]
[SourceVersionDate "2021.06.08"]
[SourceQuality "1"]
[WhiteTeam "Capablanca"]
[BlackTeam "San Sebastian de los Reyes"]
[WhiteTeamCountry "ESP"]
[BlackTeamCountry "ESP"]

1. d4 d5 2. c4 e6 3. Nc3 c5 4. cxd5 exd5 5. Nf3 Nc6 6. g3 Nf6 7. Bg2 cxd4 8.
Nxd4 Bc5 9. Nb3 Bb6 10. O-O d4 11. Na4 O-O 12. Nxb6 axb6 13. Bg5 Re8 14. Qd2 h6
15. Bxf6 Qxf6 16. Rfe1 Ra4 17. Nc1 Be6 18. a3 Na5 19. Qd1 Rc4 20. b4 Nc6 21.
Nd3 Rc3 22. Qd2 Ra8 23. a4 Bf5 24. Rec1 Bxd3 25. exd3 Nxb4 26. Bxb7 Ra7 27. Be4
Rac7 28. a5 bxa5 29. Rcb1 Qb6 30. Qf4 R7c5 31. Qg4 g6 32. Qd7 Rc8 33. Bd5 R3c7
34. Qg4 Qf6 35. Bc4 Nc6 36. Rb6 h5 37. Qe4 Kg7 38. Qd5 Re7 39. Rxa5 Re2 40. f4
Qe7 41. Ra1 Qe3+ 42. Kh1 Qf2 0-1

[Event "Madrid-chT 2021"]
[Site "Madrid"]
[Date "2021.03.27"]
[Round "6.1"]
[White "Valles Moreno, Ivan"]
[Black "Vazquez Igarza, Renier"]
[Result "0-1"]
[WhiteElo "2412"]
[BlackElo "2557"]
[PlyCount "50"]
[EventDate "2021.01.24"]
[EventType "team-tourn"]
[EventRounds "14"]
[EventCountry "ESP"]
[SourceTitle "Ajedrez en Madrid"]
[Source "lmi"]
[SourceDate "2021.01.23"]
[SourceVersion "1"]
[SourceVersionDate "2021.06.08"]
[SourceQuality "1"]
[WhiteTeam "Villalba 64"]
[BlackTeam "Collado Villalba"]
[WhiteTeamCountry "ESP"]
[BlackTeamCountry "ESP"]

1. Nf3 Nf6 2. c4 c5 3. Nc3 d5 4. cxd5 Nxd5 5. d4 Nxc3 6. bxc3 g6 7. e4 Bg7 8.
Bb5+ Nc6 9. d5 Qa5 10. Rb1 a6 11. Bxc6+ bxc6 12. O-O O-O 13. Bg5 Re8 14. c4
cxd5 15. exd5 h6 16. Be3 Bf5 17. Rb7 Qxa2 18. Nd2 Bd3 19. Re1 Bxc4 20. Nxc4
Qxc4 21. Qf3 Rad8 22. Rc7 Qxd5 23. Qh3 c4 24. Bxh6 Bxh6 25. Qxh6 Qe5 0-1

[Event "Madrid-chT 2021"]
[Site "Madrid"]
[Date "2021.03.27"]
[Round "6.2"]
[White "Pulvett Marin, Daniel Eduardo"]
[Black "Guerrero Vargas, Andres Jesus"]
[Result "1-0"]
[WhiteElo "2487"]
[BlackElo "2367"]
[PlyCount "63"]
[EventDate "2021.01.24"]
[EventType "team-tourn"]
[EventRounds "14"]
[EventCountry "ESP"]
[SourceTitle "Ajedrez en Madrid"]
[Source "lmi"]
[SourceDate "2021.01.23"]
[SourceVersion "1"]
[SourceVersionDate "2021.06.08"]
[SourceQuality "1"]
[WhiteTeam "Collado Villalba"]
[BlackTeam "Villalba 64"]
[WhiteTeamCountry "ESP"]
[BlackTeamCountry "ESP"]

1. d4 e6 2. c4 Bb4+ 3. Bd2 Bxd2+ 4. Qxd2 Nf6 5. Nc3 O-O 6. Nf3 d5 7. e3 b6 8.
cxd5 Nxd5 9. Rc1 Bb7 10. Be2 Nxc3 11. Qxc3 Qd5 12. O-O Nd7 13. Rfd1 Rac8 14.
Ne1 Nf6 15. Bf3 Ne4 16. Qc2 Qf5 17. Nd3 c5 18. dxc5 bxc5 19. Qa4 Bd5 20. Nf4
Bc6 21. Qxa7 g5 22. Nh5 Nxf2 23. Kxf2 g4 24. Qxc5 Bd5 25. Qxc8 Qxh5 26. Rxd5
Qh4+ 27. g3 Qxh2+ 28. Bg2 Rxc8 29. Rg5+ Kf8 30. Rxc8+ Ke7 31. Rc7+ Kf6 32. Rxg4
1-0

[Event "Madrid-chT 2021"]
[Site "Madrid"]
[Date "2021.03.27"]
[Round "6.3"]
[White "Garcia Luengo, Leandro"]
[Black "Quispe Arteaga, Gabriel"]
[Result "0-1"]
[WhiteElo "2350"]
[BlackElo "2389"]
[PlyCount "88"]
[EventDate "2021.01.24"]
[EventType "team-tourn"]
[EventRounds "14"]
[EventCountry "ESP"]
[SourceTitle "Ajedrez en Madrid"]
[Source "lmi"]
[SourceDate "2021.01.23"]
[SourceVersion "1"]
[SourceVersionDate "2021.06.08"]
[SourceQuality "1"]
[WhiteTeam "Villalba 64"]
[BlackTeam "Collado Villalba"]
[WhiteTeamCountry "ESP"]
[BlackTeamCountry "ESP"]

1. e4 c5 2. Nf3 e6 3. d3 Nc6 4. g3 d5 5. Nbd2 g6 6. Bg2 Bg7 7. O-O Nge7 8. Nh4
b6 9. f4 dxe4 10. Nxe4 O-O 11. Nf3 Ba6 12. Ned2 Qd6 13. Qe2 Rad8 14. Nc4 Qc7
15. Rb1 Nf5 16. a4 h5 17. b3 Bxc4 18. dxc4 Ncd4 19. Qe4 Nxf3+ 20. Bxf3 Bd4+ 21.
Kh1 Qe7 22. Qe2 Qf6 23. Be4 Kg7 24. Bd2 Rh8 25. Bxf5 exf5 26. Qf3 h4 27. g4
fxg4 28. Qxg4 Qc6+ 29. Qg2 Qxg2+ 30. Kxg2 Bf6 31. Rbd1 Rhe8 32. Kf3 Rd6 33. Be3
Bd4 34. Rfe1 Red8 35. Rd3 Bxe3 36. Rexe3 Kf6 37. Kg4 Rd4 38. Rxd4 Rxd4 39. Rd3
Re4 40. Rd7 g5 41. Rxa7 Rxf4+ 42. Kh3 Rf2 43. Rb7 Kg6 44. Rxb6+ Kh5 0-1

[Event "Madrid-chT 2021"]
[Site "Madrid"]
[Date "2021.03.27"]
[Round "6.4"]
[White "Lianes Garcia, Marcos"]
[Black "Yashas, Devappa"]
[Result "0-1"]
[WhiteElo "2398"]
[BlackElo "2296"]
[PlyCount "144"]
[EventDate "2021.01.24"]
[EventType "team-tourn"]
[EventRounds "14"]
[EventCountry "ESP"]
[SourceTitle "Ajedrez en Madrid"]
[Source "lmi"]
[SourceDate "2021.01.23"]
[SourceVersion "1"]
[SourceVersionDate "2021.06.08"]
[SourceQuality "1"]
[WhiteTeam "Collado Villalba"]
[BlackTeam "Villalba 64"]
[WhiteTeamCountry "ESP"]
[BlackTeamCountry "ESP"]

1. d4 Nf6 2. c4 e6 3. Nc3 Bb4 4. Qc2 O-O 5. e4 d6 6. e5 Nfd7 7. Nf3 c5 8. exd6
cxd4 9. Nxd4 Bxd6 10. Be3 Nc6 11. Nxc6 bxc6 12. O-O-O Qc7 13. g3 Bc5 14. Bxc5
Nxc5 15. Bd3 h6 16. Ne4 Qa5 17. Nxc5 Qxc5 18. f4 e5 19. fxe5 Qxe5 20. Rhe1 Qa5
21. Kb1 Bg4 22. Rc1 Rad8 23. Qc3 Qh5 24. Be4 Rfe8 25. Qc2 Re6 26. Bh7+ Kh8 27.
Rxe6 Bxe6 28. Be4 Rd4 29. Re1 Rxc4 30. Qd3 Qa5 31. Re3 Rb4 32. a3 Rb8 33. Qc3
Qb6 34. Bc2 c5 35. g4 Qc6 36. h3 Rd8 37. Re1 Qd5 38. Kc1 Qg5+ 39. Kb1 Kg8 40.
Re5 Qf6 41. Bf5 Bxf5+ 42. gxf5 c4 43. Ka2 Kh7 44. Re4 Qxc3 45. bxc3 Rd2+ 46.
Kb1 Rf2 47. Rxc4 Rxf5 48. Kc2 g5 49. Rd4 Kg6 50. c4 Kf6 51. Kc3 Ke6 52. Rd8 a5
53. Kd4 Rf4+ 54. Kc5 Rf3 55. Rd6+ Ke5 56. Rxh6 Rxa3 57. Kb5 Rc3 58. c5 a4 59.
Kb4 Rc1 60. Ra6 f5 61. Rxa4 Kd5 62. Ra8 Rc4+ 63. Kb3 Rxc5 64. Rg8 Ke4 65. Rxg5
f4 66. h4 Rc8 67. h5 f3 68. Rg7 Rf8 69. Re7+ Kf4 70. h6 f2 71. h7 f1=Q 72. h8=Q
Qb5+ 0-1